000
00334nam a2200145Ia 4500
005
20251222152612.0
008
251222s9999||||xx |||||||||||||| ||spa||
020
_a
8447009599
082
_a
340/A45
100
_a
Alonso Olea, Manuel
245
0
_a
Derecho del Trabajo
250
_a
15°.ed.
264
_b
Civitas S.A.
942
_c
LIB
999
_c
27013
_d
27013